| 000 | 00415nam a22001337a 4500 | ||
|---|---|---|---|
| 020 | _a9788857240169 | ||
| 040 | _cNUST | ||
| 082 | _a709.1767 GEO | ||
| 100 |
_aZand, Roxane _982270 |
||
| 245 |
_aGeometry And Art: _bin the modern middle east |
||
| 260 |
_aITaly: _bSkira Editore S.p.A Thames Hudson, _c2019. |
||
| 650 |
_a Geometry in art. Islamic art -- Mathematics. Art, Middle Eastern. _989078 |
||
| 942 |
_2ddc _cBK |
||
| 999 |
_c586439 _d586439 |
||